000 00888nam a2200229Ii 4500
003 JO-AjNU
008 230605s9999||||xx |||||||||||||| ||und||
017 _a2020/11/4979
020 _a978-9923-29-037-8
040 _aJO-AjNU
_bara
_erda
_cJO-AjNU
041 _aara
050 1 4 _aPJ7852.A36 2022
100 3 _aالساير، محمد عويد محمد,
_eauthor
_962911
245 0 0 _aالماء يبكي واقفا: دراسات نقدية في المنجز الشعري للشاعر العراقي المعاصر شلال عنوز
250 _aط1
264 3 1 _aعمان: ابصار ناشرون وموزعون، 2020
300 _a180ص
336 _atext
_btxt
_2rdacontent
337 _aunmediated
_bn
_2rdamedia
338 _avolume
_bnc
_2rdacarrier
650 4 _aالنقد الادبي-التحليل الادبي-الشعر العربي-الشعراء العرب
_962912
999 _aA28510
_c32078
_d32078